Provinces du Maroc sur une carte - Statistiques

Statistiques générales
  • Ce quiz a été pris 64 fois
  • Le résultat moyen est 17 sur 75
Réponses sur la Carte
Les réponses sont colorées sur une échelle allant du rouge au vert en fonction du pourcentage des utilisateurs qui les ont devinées à leur premier essai. Vous pouvez retrouver ces pourcentages ci-dessous.
 
Statistiques - réponses
Région % Correct
Rabat
94%
Casablanca
89%
Marrakech
78%
Fès
72%
Tétouan
72%
Nador
61%
Ouarzazate
61%
Kénitra
56%
Meknès
56%
Berkane
50%
Laâyoune
50%
Al Hoceïma
44%
Larache
44%
Errachidia
39%
Settat
39%
Taza
39%
Guelmim
33%
Mohammédia
33%
Salé
33%
Tinghir
33%
Béni-Mellal
28%
Berrechid
28%
El Jadida
28%
Essaouira
28%
Guercif
28%
Jerada
28%
Oujda-Angad
28%
Safi
28%
Tan-Tan
28%
Ifrane
22%
Tiznit
22%
Khemisset
22%
Khouribga
22%
Ouezzane
22%
Taourirt
22%
Driouch
17%
Figuig
17%
Khénifra
11%
M'diq-Fnideq
11%
Midelt
11%
Nouaceur
11%
Séfrou
11%
Tanger-Assilah
11%
Taounate
11%
Taroudant
11%
Youssoufia
11%
Azilal
6%
Benslimane
6%
Boujdour
6%
Chefchaouene
6%
Fquih Ben Salah
6%
Moulay Yaâcoub
6%
Sidi Ifni
6%
Sidi Kacem
6%
Sidi Slimane
6%
Tarfaya
6%
Tata
6%
Zagora
6%
Agadir Ida-Outanane
0%
Al Haouz
0%
Assa-Zag
0%
Assouerd
0%
Boulemane
0%
Chichaoua
0%
Chtouka-Aït Baha
0%
El Hajeb
0%
El Kelaâ des Sraghna
0%
Es-Semara
0%
Fahs-Anjra
0%
Inezgane-Aït Melloul
0%
Médiouna
0%
Oued Ed-Dahab
0%
Rehamna
0%
Sidi Bennour
0%
Skhirate-Témara
0%
Aucun quiz correspondant
Distribution des résultats
% des personnes avec chaque résultat
Percentile par nombre de réponses
Votre historique - résultats
Vous n’avez pas pris ce quiz